000 00338nam a2200133Ia 4500
008 240624s9999 xx 000 0 und d
041 _aeng
082 _a823 DAS
100 _aMUKUND KANAKLATHA
245 _aMERCHANTS OF TAMILAKAM PIONEERS OF INTER
260 _c2012
_aNew Delhi
_bPenguin India
300 _a240 : p.
365 _cRS
_b25
999 _c19247
_d19247